| 000 | 00000nas 2200000za 4500 |
| 001 | 9.851922 |
| 003 | CaOODSP |
| 005 | 20221107154452 |
| 007 | cr ||||||||||| |
| 008 | 180215d20072007oncar p o f0 b0fre|d |
| 040 | |aCaOODSP|bfre |
| 041 | |aeng|afre |
| 043 | |an-cn--- |
| 086 | 1 |aF71-12-PDF |
| 110 | 1 |aCanada.|bRoyal Canadian Mint. |
| 245 | 10|aAnnual report to Parliament. |pAccess to Information Act and Privacy Act |h[ressource électronique] = |bRapport annuel au Parlement. Loi sur l'accès à l'information et Loi sur la protection des renseignements personnels. |
| 246 | 11|aRapport annuel au Parlement. |pLoi sur l'accès à l'information et Loi sur la protection des renseignements personnels |
| 260 | |a[Ottawa] : |bRoyal Canadian Mint = Monnaie royale canadienne, |c[2008] |
| 310 | |aAnnuel |
| 362 | 0 |aDu 1er janvier au 31 décembre 2007. |
| 500 | |aTitre de la couv. |
| 546 | |aTexte en anglais et en français. |
| 580 | |aScindé en : Loi sur l'accès à l'information, rapport annuel ; et, Loi sur la protection des renseignements personnels, rapport annuel. |
| 692 | 07|2gccst|aVie privée |
| 692 | 07|2gccst|aAccès à l'information |
| 692 | 07|2gccst|aMonnaie |
| 785 | 00|tAccess to Information Act, ... annual report |w(CaOODSP)9.500482 |
| 785 | 00|tPrivacy Act, ... annual report |w(CaOODSP)9.500480 |
| 791 | |tAnnual report to Parliament. |eeng|w(CaOODSP)9.851920 |